MARC details
| 000 -LEADER |
| fixed length control field |
01133nam a22003017a 4500 |
| 001 - CONTROL NUMBER |
| control field |
05844 |
| 003 - CONTROL NUMBER IDENTIFIER |
| control field |
HDC |
| 007 - PHYSICAL DESCRIPTION FIXED FIELD--GENERAL INFORMATION |
| fixed length control field |
cr bn ---aaaaa |
| 008 - FIXED-LENGTH DATA ELEMENTS--GENERAL INFORMATION |
| fixed length control field |
210120b20122012xxu||||| |||| 00| 0 eng d |
| 020 ## - INTERNATIONAL STANDARD BOOK NUMBER |
| International Standard Book Number |
9781439836842 |
| 040 ## - CATALOGING SOURCE |
| Original cataloging agency |
HDC |
| 245 #0 - TITLE STATEMENT |
| Title |
Handbook of Meat and Meat Processing: |
| Remainder of title |
40, Turkish Pastirma: A Dry-Cured Beef Product |
| Statement of responsibility, etc. |
/ Ersel Obuz, Levent Akkaya, and Veli Gok |
| 260 ## - PUBLICATION, DISTRIBUTION, ETC. |
| Place of publication, distribution, etc. |
United States: |
| Name of publisher, distributor, etc. |
CRC Press (Taylor & Francis), |
| Date of publication, distribution, etc. |
2012 |
| 300 ## - PHYSICAL DESCRIPTION |
| Extent |
1 online resource (10 pages) |
| 336 ## - CONTENT TYPE |
| Content type term |
text |
| Source |
rdacontent |
| 337 ## - MEDIA TYPE |
| Media type term |
computer |
| Source |
rdamedia |
| 338 ## - CARRIER TYPE |
| Carrier type term |
online resource |
| Source |
rdacarrier |
| 500 ## - GENERAL NOTE |
| General note |
Originally published: Handbook of Meat and Meat Processing |
| -- |
Includes bibliographical references |
| 650 ## - SUBJECT ADDED ENTRY--TOPICAL TERM |
| Topical term or geographic name entry element |
Meat industry and trade |
| 9 (RLIN) |
161 |
| 650 ## - SUBJECT ADDED ENTRY--TOPICAL TERM |
| Topical term or geographic name entry element |
Meat |
| 9 (RLIN) |
1368 |
| 700 ## - ADDED ENTRY--PERSONAL NAME |
| Personal name |
Akkaya, Levent |
| 9 (RLIN) |
5443 |
| 700 ## - ADDED ENTRY--PERSONAL NAME |
| Personal name |
Gok, Veli |
| 9 (RLIN) |
5444 |
| 700 ## - ADDED ENTRY--PERSONAL NAME |
| Personal name |
Obuz, Ersel |
| Relator term |
contributor |
| 9 (RLIN) |
5442 |
| 856 ## - ELECTRONIC LOCATION AND ACCESS |
| Public note |
Request full-text at [email protected] |
| 942 ## - ADDED ENTRY ELEMENTS (KOHA) |
| Source of classification or shelving scheme |
Library of Congress Classification |
| 942 ## - ADDED ENTRY ELEMENTS (KOHA) |
| Koha item type |
Chapter in Books |
| 942 ## - ADDED ENTRY ELEMENTS (KOHA) |
| Call number prefix |
EBCH 004170 |